Frequent 'Friends' Quiz Stats

 Plays Quiz Updated Sep 17, 2018

Also try: Friends (A-Z)
Challenge
Share
Tweet
Embed
Score 0/17 Timer 07:00
1 Play Today
# of episodes Character % Correct
238Ross Geller
95.5%
238Joey Tribbiani
95.4%
238Rachel Green
95.3%
238Monica Geller
95.3%
238Chandler Bing
95.1%
238 Phoebe Buffay
94.5%
148Gunther
88.3%
19Janice Goralnick
80.8%
20Jack Geller
79.6%
# of episodes Character % Correct
19Judy Geller
76.4%
10Richard Burke
75.1%
18Mike Hannigan
74.5%
12Ben Geller
69.9%
15Carol Willick
69.5%
12Susan Bunch
68.7%
14Emily Waltham
66.9%
11Estelle Leonard
36.5%

You're not logged in!

Compare scores with friends on all Sporcle quizzes.
OR
Log In

You Might Also Like...

Show Comments

Extras

Top Quizzes Today


Score Distribution

Your Account Isn't Verified!

In order to create a playlist on Sporcle, you need to verify the email address you used during registration. Go to your Sporcle Settings to finish the process.

Report this User

Report this user for behavior that violates our Community Guidelines.

Details: